Psicología

Saved in:
Bibliographic Details
Main Author: Vidal, Giaume (Author)
Format: Book
Language:Spanish
Published: Santiago Apuntes 1985
Series:Colección Apuntes, 14
Subjects:
Tags: Add Tag
No Tags, Be the first to tag this record!

MARC

LEADER 00000nam a2200000 a 4500
001 UCH4638
003 CL-VaPUC
008 090827e19850000CL |||||||||||||||||spa|d
082 0 4 |a 152.4  |b VID  |2 21 
100 0 |a Vidal, Giaume  |e author  |9 540288 
245 1 0 |a Psicología 
300 |a 176 p 
942 |c BK 
945 |d 20090827 00:00:00  |a dcastane 
260 |a Santiago  |b Apuntes  |c 1985 
650 0 |a Psicología   |9 257863 
650 0 |a Emociones   |9 265224 
650 7 |a INSTINTOS  |2 CL-VaPUC  |9 334636 
650 7 |a PSICOLOGIA AFECTIVA  |2 CL-VaPUC  |9 540289 
650 0 |a Desarrollo afectivo  |9 334359 
583 |a last modification  |c 20090827 00:00:00  |k Rodrigo Vera 
490 0 |a Colección Apuntes, 14 
999 |c 335912  |d 335910 
952 |0 0  |1 0  |4 0  |6 152_400000000000000_VID_1985  |7 0  |8 P  |9 426763  |a BIBEDU  |b BIBEDU  |c BIBEDU_PB  |d 2019-11-22  |i 459424K  |o 152.4 VID 1985  |p 459424K  |r 2024-01-25  |w 2019-11-22  |y BK  |k BME